| 000 | 00703nam a2200217Ia 4500 | ||
|---|---|---|---|
| 003 | GCL | ||
| 008 | 140319s9999 xx 000 0 ara d | ||
| 040 |
_aGCL / _cGCL |
||
| 082 | 0 | 4 |
_a320 _bف م |
| 100 | 1 | _aفضل الله محمد اسماعيل | |
| 245 | 1 | 0 |
_aمن اصول الفكر السياسى / _cفضل الله محمد اسماعيل |
| 260 |
_aالقاهرة : _bبستان المعرفة |
||
| 300 |
_a513 ص ؛ _c24 سم |
||
| 650 | 0 | 4 | _aالاحوال السياسية |
| 650 | 0 | 4 | _aالشيوعية |
| 650 | 0 | 4 | _aالسياسة |
| 650 | 0 | 4 | _aالنظم السياسية |
| 650 | 0 | 4 | _aالمذاهب السياسية |
| 650 | 0 | 4 | _aالسياسة - تاريخ |
| 942 |
_2ddc _cBK |
||
| 999 |
_c6223 _d6223 |
||